| 000 | 00573nam a2200193 a 4500 | ||
|---|---|---|---|
| 005 | 20240622063844.0 | ||
| 008 | 991125s1970 es 000 0 spa u | ||
| 035 | _aUPN01000053979 | ||
| 049 | _aCG | ||
| 050 | 4 |
_aLB775 M8 _bH4.8 |
|
| 100 | 1 | _aHelming, Helene | |
| 245 | 1 | 3 |
_aEl sistema Montessori / _cHelene Helming ; tr. directa del alemán VERSUM. |
| 260 |
_aBarcelona Esp. : _bL. Miracle, _c1970. |
||
| 300 |
_a282 p. : _bil. |
||
| 440 | 0 | _aBiblioteca universal Miracle | |
| 650 | 4 |
_aEducación familiar _97274 |
|
| 650 | 4 |
_aMétodo Montessori _94100 |
|
| 905 | _aLibro | ||
| 999 |
_c53979 _d53979 |
||